Geography Quiz

Random Geography or World Quiz

World Border Minefield 'A' Quiz Stats

Quiz Updated Nov 8, 2016

Also try: 'A'-Less Countries
Challenge
Share
Tweet
Embed
Score 0/111 Timer 18:00
18 Plays Today
Status Country % Correct
Safe???
67.2%
Safe???
66.9%
Safe???
60.9%
Safe???
57.3%
Safe???
46.6%
Safe???
40.9%
Safe???
40.4%
Safe???
39.9%
Safe???
39.8%
Safe???
38.8%
Safe???
37.6%
Safe???
36.9%
Safe???
36.6%
Safe???
35.8%
Safe???
35.2%
Safe???
35%
Safe???
34%
Safe???
32.4%
Safe???
31.8%
Safe???
31.7%
Safe???
31.5%
Safe???
31.1%
Safe???
31%
Safe???
29.4%
Safe???
27.4%
Safe???
25.8%
Safe???
25.8%
Safe???
25.6%
Safe???
25.3%
Safe???
24.8%
Safe???
24.6%
Safe???
23.8%
Safe???
22.4%
Safe???
21.7%
Safe???
21.5%
Safe???
21%
Safe???
20.9%
Status Country % Correct
Safe???
20.1%
Safe???
19.8%
Safe???
19.7%
Safe???
19.4%
Safe???
19.3%
Safe???
19.2%
Safe???
19%
Safe???
18.8%
Safe???
18.2%
Safe???
18.1%
Safe???
18.1%
Safe???
17.4%
Safe???
17.4%
Safe???
16.7%
Safe???
16.7%
Safe???
16.5%
Safe???
16.4%
Safe???
16.3%
Safe???
16.3%
Safe???
16%
Safe???
15.7%
Safe???
15.6%
Safe???
15.3%
Safe???
15.2%
Safe???
14.7%
Safe???
14.5%
Safe???
14.1%
Safe???
13.7%
Safe???
13.7%
Safe???
13.7%
Safe???
13.6%
Safe???
13.6%
Safe???
13.4%
Safe???
13.3%
Safe???
13.3%
Safe???
12.5%
Safe???
12.3%
Status Country % Correct
Safe???
12.1%
Safe???
12.1%
Safe???
11.6%
Safe???
11.5%
Safe???
11.4%
Safe???
11.4%
Safe???
11.2%
Safe???
11.1%
Safe???
11%
Safe???
10.8%
Safe???
10.6%
Safe???
10.6%
Safe???
10.5%
Safe???
10.3%
Safe???
10.3%
Safe???
9.7%
Safe???
9.7%
Safe???
9.6%
Safe???
9.5%
Safe???
9.5%
Safe???
9.4%
Safe???
9.4%
Safe???
9.3%
Safe???
8.4%
Safe???
8.3%
Safe???
8.3%
Safe???
8.1%
Safe???
7.9%
Safe???
7.5%
Safe???
7.2%
Safe???
7.2%
Safe???
7.1%
Safe???
6.8%
Safe???
6.6%
Safe???
6.3%
Safe???
6.1%
MINE???
5.4%

You're not logged in!

Compare scores with friends on all Sporcle quizzes.
Join for Free
OR
Log In

You Might Also Like...

Show Comments

Extras

Top Quizzes Today


Score Distribution

Your Account Isn't Verified!

In order to create a playlist on Sporcle, you need to verify the email address you used during registration. Go to your Sporcle Settings to finish the process.

Report this User

Report this user for behavior that violates our Community Guidelines.

Details: